00955 2200313 4500001002100000005001500021035002000036007000300056008004100059020001800100082001400118084001600132100002500148245009300173250004500266300003100311650003300342700002900375504002900404264004100433336002100474337003000495338002300525040002200548090001900570850001200589990002000601990002000621INLIS00000000087508620221102111701 a0010-1122000042ta221102s2019 jbi g | ind d a979-593-291-804223a495.6 a495.6 SUD b0 aSudjiantoePengarang10aBelajar bahasa Jepang berdasarkan pola kalimatnya /cSudjianto; penyunting, Tanama Dinar aEdisi Revisi, Cetakan Keempat, Juli 2019 aviii, 143 halaman ;c20 cm 4aBahasa Jepang--xTata Bahasa0 aTanama DinarePenyunting aBibliografi: halaman 14331aBekasi Timur :bKesaint Blanc,c2019 2rdacontentateks 2rdamediaatanpa perantara 2rdacarrieravolume aYOPDYOGbinderda aPK 495.6 SUD b aYOPDYOG a70302-PD/A.2022 a70303-PD/A.2022